Constitución política de la República de Chile 1980

שמור ב:
מידע ביבליוגרפי
מחבר ראשי: González Moya, Carlos A (Author)
פורמט: ספר
שפה:ספרדית
יצא לאור: Santiago Jurídica Manuel Montt 1996
נושאים:
תגים: הוספת תג
אין תגיות, היה/י הראשונ/ה לתייג את הרשומה!

MARC

LEADER 00000nam a2200000 a 4500
001 UCO1987
003 CL-VaPUC
008 000602e19960000CL |||||||||||||||||spa|d
082 0 4 |a 342.83  |b GON  |2 21 
100 |a González Moya, Carlos A  |e author  |9 601486 
245 1 0 |a Constitución política de la República de Chile 1980 
300 |a 94 p 
942 |c BK 
945 |d 20000602 00:00:00  |a crobeson 
260 |a Santiago  |b Jurídica Manuel Montt  |c 1996 
650 7 |a CONSTITUCION POLITICA DE 1980  |2 CL-VaPUC  |9 256495 
650 0 |a Derecho constitucional   |9 222588 
651 7 |a CHILE  |2 CL-VaPUC  |9 444587 
583 |a last modification  |c 20131001 03:37:46  |k Rodrigo Vera 
999 |c 288534  |d 288532 
952 |0 0  |1 0  |4 0  |6 342_830000000000000_GON_1996  |7 0  |8 A  |9 336265  |a BIBHIS  |b BIBHIS  |d 2019-11-20  |i 1277057  |o 342.83 GON 1996  |p 1277057  |r 2025-01-20  |w 2019-11-20  |y BK  |k HIS